Guardado en:
Bibliografiske detaljer
Format: Texto
Udgivet: México, D.F
Fag:
Tags: Tilføj Tag
Ingen Tags, Vær først til at tagge denne postø!

MARC

LEADER 00000 a a2200000 04500
001 26577
003
040
090 |a 149008  
260 |a México, D.F  
650 |a SISTEMA SOCIAL  
650 |a TEORIA SOCIAL  
650 |a SOCIOLOGIA  
999 |c 16700  |d 16700